Wybierz wszystkie miasta w tych państwach - Statystyki

Ogólne statystyki
  • Ten quiz został rozwiązany 80 razy
  • Średni wynik to 20 z 27
Statystyki odpowiedzi
Zagadnienie Komórka Select % Poprawnych
Polska Legnica Tak
99%
Polska Olita Nie
99%
Polska Wilno Nie
97%
Polska Chojnice Tak
96%
USA Las Vegas Tak
93%
Niemcy Świnoujście Nie
93%
Niemcy Bazylea Nie
92%
Polska Koło Tak
92%
USA Denver Tak
89%
USA Atlanta Tak
87%
Polska Troki Nie
87%
Polska Środa Śląska Tak
86%
Niemcy Norymberga Tak
85%
Niemcy Kolonia Tak
83%
USA Waszyngton DC Tak
83%
Niemcy Stuttgard Tak
79%
USA Wyoming Nie
75%
Niemcy Burghausen Tak
69%
Niemcy Linz Nie
66%
Polska Lipawa Nie
63%
USA California Nie
62%
Niemcy Mersch Nie
62%
USA Texas Nie
62%
Polska Drezdenko Tak
51%
USA Oklahoma Nie
44%
USA Lubbock Tak
25%
Niemcy Cham Tak
4%
Nie znaleziono quizów pasujących do podanych kryteriów
Rozkład punktacji
Procent ludzi z każdym wynikiem
Percentyl według liczby udzielonych odpowiedzi
Twoja historia wyników
Nie rozwiązałeś tego quizu